000 00422nam a2200169Ia 4500
003 GCL
008 140319s9999 xx 000 0 eng d
040 _aGCL /
_cGCL
082 0 4 _a380.1
_bF J
100 1 _aFRAIN,JOHN
245 1 0 _aINTRODUCTION TO MARKETING /
_cFRAIN,JOHN
260 _a[S.N] :
_bPITMAN PUBLISHING ،
_c1994
300 _a319 P
650 0 4 _aMARKETING
650 0 4 _aMEETING RESEARCH
942 _2ddc
_cBK
999 _c13998
_d13998